Miloš Alexander Bazovský /
Na minha lista:
| Autor principal: | |
|---|---|
| Formato: | Livro |
| Idioma: | eslovaco alemão inglês francês russo |
| Publicado em: |
Bratislava :
Tatran,
1967
|
| Edição: | 1. vydanie |
| Assuntos: | |
| Tags: |
Sem tags, seja o primeiro a adicionar uma tag!
|
MARC
| LEADER | 00000nam a22000003a 4500 | ||
|---|---|---|---|
| 001 | 0066376 | ||
| 003 | SK-STU | ||
| 005 | 20190401124128.8 | ||
| 007 | ta | ||
| 008 | 180719s ----xo-----e------000-0-----d | ||
| 040 | |a STU |b slo | ||
| 041 | 0 | |a slo |a ger |a eng |a fre |a rus | |
| 044 | |a xo | ||
| 100 | 1 | |a Vaculík, Karol |4 aut | |
| 245 | 1 | 0 | |a Miloš Alexander Bazovský / |c aut. Karol Vaculík |
| 250 | |a 1. vydanie | ||
| 260 | |a Bratislava : |b Tatran, |c 1967 | ||
| 300 | |a 336 s. ; |b 246 reprodukcií, z toho 48 farebných | ||
| 650 | 0 | 7 | |a výtvarníci slovenskí |
| 650 | 0 | 7 | |a umelecké dielo |
| 650 | 0 | 7 | |a život a dielo |
| 650 | 0 | 7 | |a výtvarné umenie |
| 996 | |b 284AU07654 |c A* 10903/U |l AAKNAR |s A |a 24 |w 0066376_0001 | ||